000 00856nam a2200265 a 4500
001 000023713
005 20200930022417.0
008 101221s1988 mx r 000 e spa d
020 _a8478203168
040 _aDO-SdBNP
_cBNPHU
041 1 7 _aspa
_beng
_2Código de idioma MARC
082 _a824.91
_bD998a
100 1 _aDyson, Freeman
_d1923-
_948833
240 1 0 _aWeapons and hope.
_lEspañol.
245 1 0 _aArmas y esperanza /
_cFreeman John Dyson ; traducción de Juan José Utrilla.
260 _aMéxico, D. F. :
_bFondo de Cultura Económica,
_c1988.
300 _a506, [6] p. ;
_c17 cm.
490 1 _aPopular
_v357
534 _aTítulo original:
_tWeapons and hope
650 4 _aEnsayos ingleses
_942620
650 4 _aLiteratura inglesa
_9498
700 1 _aUtrilla, Juan José
_etr.
_944259
830 0 _aPopular ;
_v357
_913374
049 _aBNGR
999 _c23209
_d23209